BTS Songs Sudden Death - Statistics

General Stats
  • This quiz has been taken 957 times
  • The average score is 4 of 20
Answers on the Grid
Answers color-coded by a green-red scale on the quiz's grid according to % correct below.
live free
we tonight
00:00
attack on bangtang
attack on me
begin
blood tears & sweat
coffee
dynamite
embarrassed
forever young
gogo
her
hold me tight
I need you
if I ruled the world
intro:dilema
intro:ego
jump
let me know
lie
ma city
respect
run
skit: 2 cool 4 skool
skit:soulmate
spine breaker
tear
today
we on
 
Answer Stats
Answer % Correct
00:00
60%
attack on bangtang
44%
dynamite
37%
coffee
30%
begin
26%
gogo
20%
run
18%
her
15%
lie
14%
jump
13%
spine breaker
11%
tear
10%
ma city
9%
embarrassed
8%
if I ruled the world
8%
hold me tight
7%
let me know
7%
we on
6%
respect
5%
skit:soulmate
2%
No matching quizzes found
Score Distribution
Percent of People with Each Score
Percentile by Number Answered
Your Score History
You have not taken this quiz